A Divat olvasatai
Elmentve itt :
| Szerző: | |
|---|---|
| Dokumentumtípus: | Könyv része |
| Megjelent: |
2005
|
| Sorozat: | Szövegek között
9 Szegedi tanulmányok az irodalomtörténet/elmélet, a néprajz, a képzőművészet és a művelődéstörténet köréből 9 |
| Kulcsszavak: | Irodalomtudomány |
| Tárgyszavak: | |
| Online Access: | http://acta.bibl.u-szeged.hu/32049 |
| LEADER | 00778naa a2200217 i 4500 | ||
|---|---|---|---|
| 001 | acta32049 | ||
| 005 | 20220208130748.0 | ||
| 008 | 161017s2005 hu o 0|| hun d | ||
| 022 | |a 1418-0480 | ||
| 040 | |a SZTE Egyetemi Kiadványok Repozitórium |b hun | ||
| 041 | |a hun | ||
| 100 | 1 | |a Zanin Éva | |
| 245 | 1 | 2 | |a A Divat olvasatai |h [elektronikus dokumentum] / |c Zanin Éva |
| 260 | |c 2005 | ||
| 300 | |a 117-141 | ||
| 490 | 0 | |a Szövegek között |v 9 | |
| 490 | 0 | |a Szegedi tanulmányok az irodalomtörténet/elmélet, a néprajz, a képzőművészet és a művelődéstörténet köréből |v 9 | |
| 650 | 4 | |a Bölcsészettudományok | |
| 650 | 4 | |a Nyelvek és irodalom | |
| 695 | |a Irodalomtudomány | ||
| 856 | 4 | 0 | |u http://acta.bibl.u-szeged.hu/32049/1/szovegek_009_117-141.pdf |z Dokumentum-elérés |